000 02205nam0a2200421 i 4500
001 RU\NLR\bibl\1935768
005 20260408085049.0
010 _a9785878514460
_980
021 _aRU
_b2012-54108
_93947
035 _a(nilc)RSL-KNO-005470731
035 _a(NLR Aleph) 001925073
090 _a3358639
_c3358639
100 _a20120730d2012 k y0rusy50 ca
101 0 _arus
102 _aRU
105 _aa |||||||||
200 1 _aАктуальные проблемы развития лесного комплекса
_eматериалы международной научно-технической конференции, 6-8 декабря 2011 г.
_f[отв. ред.: Дерягин Р.В., д.т.н., проф.]
210 _aВологда
_cВолГТУ
_d2012
215 _a152 с.
_cил.
_d29
300 _aВ надзаг.: М-во образования и науки Рос. Федерации, Деп. лес. комплекса Вологод. обл., Вологод. гос. техн. ун-т
320 _aБиблиогр. в конце ст.
606 _aЛесное хозяйство
_jСъезды, совещания и т.п.
_9993890
_3RU\NLR\auth\6658014
606 1 _aДеревообработка
_jСъезды, совещания и т.п.
_91079110
_3RU\NLR\auth\66102727
606 1 _aЛесные комплексы
_jСъезды, совещания и т.п.
_xУправление
_91480475
_3RU\NLR\auth\66630145
686 _aП3я431(2)
_2rubbk
686 _aМ13я431(2)
_2rubbk
686 _aМ13я431
686 _aП3я431(2)
686 _aУ34(2)1-434-21я431
702 1 _aДерягин
_bР. В.
_gРуслан Валентинович
_4340
711 1 2 _a"Актуальные проблемы развития лесного комплекса", международная научно-техническая конференция
_f2011
_eВологда
_3RU\NLR\AUTH\8810226721
_9338059
801 0 _aRU
_bRuMoRKP
_c20120730
_grcr
801 1 _aRU
_bРГБ
_c20120730
801 2 _aRU
_bNLR
_c20120820
_grcr
830 _aРед. по ЭК
942 _cBOOK
980 _aNBR